000 01408nmm a2200409 a 4500
003 AR-BaBNM
005 20251128203039.0
008 246019s1981 ||||||||||||||000 | spa||
040 _cAR-BaBNM
245 1 0 _aFundamentos de la educación
250 _a5ª ed.
260 _aBuenos Aires
_bEudeba
_bUnesco
_c1981
300 0 _a413 p.
500 0 _aEste libro forma parte de la serie de manuales preparados dentro del marco del Proyecto Principal para la Extensión y Mejoramiento de la Educación Primaria en América Latina
500 1 _aUNESCO: Organización de las Naciones Unidas para la Educación, la Ciencia y la Cultura
500 0 _aContiene índice alfabético
504 _aContiene bibliografía al final de cada capítulo
650 4 _aFILOSOFIA DE LA EDUCACION
650 4 _aPEDAGOGIA
650 4 _aSOCIOLOGIA DE LA EDUCACION
650 4 _aROL DEL DOCENTE
650 4 _aFINALIDADES DE LA EDUCACION
650 4 _aPSICOLOGIA DE LA EDUCACION
650 4 _aPROCESO DE APRENDIZAJE
650 4 _aENSENANZA
651 4 _aAmérica Latina
653 0 _aGESTION EDUCATIVA
653 0 _aINVESTIGACION EDUCATIVA
700 1 _aLarroyo, Francisco
700 1 _aLourenço Filho, Manuel Bergstrom
700 1 _aMantovani, Juan
700 1 _aDottrens, Robert
700 1 _aTirado Benedí, Domingo
700 1 _aBallesteros Usano, Antonio
942 _cBK
998 _csilvi
999 _c1651
_d1651